Central Library OPAC University of Rajshahi

A history of modern Southeast Asia : (Record no. 65031)

MARC details
000 -LEADER
fixed length control field 00953nam a2200277 a 4500
001 - CONTROL NUMBER
control field 65031
003 - CONTROL NUMBER IDENTIFIER
rucl marc code BD-RjUL
005 - DATE AND TIME OF LATEST TRANSACTION
control field 20211209081359.0
008 - FIXED-LENGTH DATA ELEMENTS--GENERAL INFORMATION
fixed length control field 170226s1968 nju b 001 0 eng
035 ## - SYSTEM CONTROL NUMBER
System control number (BD-RjUL)65161
040 ## - CATALOGING SOURCE
Original cataloging agency DLC
Transcribing agency DLC
Modifying agency BD-RjUL
Language of cataloging eng
041 ## - LANGUAGE CODE
Language code of text/sound track or separate title eng
082 00 - DEWEY DECIMAL CLASSIFICATION NUMBER
Classification number 959
Edition number 23
Author mark and year BAH 1968
100 1# - MAIN ENTRY--PERSONAL NAME
Personal name Bastin, John Sturgus,
Dates associated with a name 1927-
9 (RLIN) 192672
245 12 - TITLE STATEMENT
Title A history of modern Southeast Asia :
Remainder of title colonialism, nationalism, and decolonization /
Statement of responsibility, etc. John Bastin and Harry J. Benda.
260 ## - PUBLICATION, DISTRIBUTION, ETC. (IMPRINT)
Place of publication, distribution, etc. Englewood Cliffs, N.J. :
Name of publisher, distributor, etc. Prentice-Hall,
Date of publication, distribution, etc. 1968
300 ## - PHYSICAL DESCRIPTION
Pagination ix, 214 p. ;
Size 21 cm.
490 0# - SERIES STATEMENT
Series statement A Spectrum book
504 ## - BIBLIOGRAPHY, ETC. NOTE
Bibliography, etc Bibliography: p. 203-209.
650 #0 - SUBJECT ADDED ENTRY--TOPICAL TERM
Topical term or geographic name as entry element Nationalism
Geographic subdivision Southeast Asia
General subdivision History.
9 (RLIN) 192730
Topical term or geographic name as entry element Decolonization
Geographic subdivision Southeast Asia.
9 (RLIN) 192731
651 #0 - SUBJECT ADDED ENTRY--GEOGRAPHIC NAME
Geographic name Southeast Asia
General subdivision History.
9 (RLIN) 191151
700 1# - ADDED ENTRY--PERSONAL NAME
Personal name Benda, Harry Jindrich,
Relator term joint author.
830 ## - SERIES ADDED ENTRY--UNIFORM TITLE
Uniform title A Spectrum book
942 ## - ADDED ENTRY ELEMENTS (KOHA)
Source of classification or shelving scheme Dewey Decimal Classification
Koha item type Books
Holdings
Lost status Source of classification or shelving scheme Damaged status Not for loan Collection code Permanent Location Current Location Shelving location Date acquired Source of acquisition Cost, normal purchase price Total Checkouts Full call number Date last seen Copy number Koha item type
  Dewey Decimal Classification   Not For Loan Non-fiction Central Library, University of Rajshahi Central Library, University of Rajshahi Reading Room 15/01/1971 Mohiuddin 13.50   959 BAH 1968 26/02/2017 C-1 Books